Sustainable water management in land-use planning (Record no. 105098)

MARC details
000 -LEADER
fixed length control field 00971cam a2200265 4500
001 - CONTROL NUMBER
control field ##L132330
008 - FIXED-LENGTH DATA ELEMENTS--GENERAL INFORMATION
fixed length control field 060127n2006 000 0 eng u
020 ## - INTERNATIONAL STANDARD BOOK NUMBER
International Standard Book Number 0860176304 (print)
-- 978860176304 (online)
035 ## - SYSTEM CONTROL NUMBER
System control number (Sirsi) u132330
041 0# - LANGUAGE CODE
Language code of text/sound track or separate title eng
050 04 - LIBRARY OF CONGRESS CALL NUMBER
Classification number 627.1 $2 18
100 1# - MAIN ENTRY--PERSONAL NAME
Personal name Samuels, P
245 00 - TITLE STATEMENT
Title Sustainable water management in land-use planning
260 ## - PUBLICATION, DISTRIBUTION, ETC.
Place of publication, distribution, etc. London
Name of publisher, distributor, etc. CIRIA
Date of publication, distribution, etc. 2006
300 ## - PHYSICAL DESCRIPTION
Extent 163p.
Dimensions 30cm
350 ## - PRICE (NR) (BK AM CF MU VM SE) [OBSOLETE]
Price 120
490 #0 - SERIES STATEMENT
Series statement CIRIA
Volume/sequential designation C630
520 ## - SUMMARY, ETC.
Summary, etc. Highlights the importance of water management issues in land-use planning in England and Wales. The guidance aims to provide information on sustainable water management and identify where it links in with planning policy.
590 ## - LOCAL NOTE (RLIN)
Local note IKA310106
690 ## - LOCAL SUBJECT ADDED ENTRY--TOPICAL TERM (OCLC, RLIN)
Topical term or geographic name as entry element ENVIRONMENTAL AND LAND CONSULTANCY-WATER RESOURCE MANAGEMENT
700 1# - ADDED ENTRY--PERSONAL NAME
Personal name Woods-Ballard, Bridget
700 1# - ADDED ENTRY--PERSONAL NAME
Personal name Hutchings, Chris
710 2# - ADDED ENTRY--CORPORATE NAME
Corporate name or jurisdiction name as entry element United Kingdom
Subordinate unit Department of Trade and Industry
942 ## - ADDED ENTRY ELEMENTS (KOHA)
Suppress in OPAC 0
Holdings
Withdrawn status Lost status Source of classification or shelving scheme Damaged status Not for loan Home library Current library Shelving location Date acquired Total Checkouts Full call number Barcode Date last seen Copy number Price effective from Koha item type
    Dewey Decimal Classification     London London Books 01/02/2006   F627.1 SAM 30071780 06/08/2019 1 06/08/2019 Book